000 00831nam a2200229 a 4500
003 MX-MxUPN
005 20240920064416.0
008 991125s1922 sp a r 000 0 spa d
035 _aUPN01000056309
040 _aMX-MxUPN
_bspa
_cMX-MxUPN
041 0 _aspa
050 1 4 _aLB1025
_bV5.7 1922
100 1 _aVidal Perera, A. Augusto
_952504
245 1 0 _aTeoría y arte de la educación :
_btratado de pedagogía
260 _aMadrid :
_bSucesores de Hernando,
_c1922.
300 _a461 páginas :
_bilustraciones
650 4 _aEducación
_zEspaña
_xHistoria
_97391
650 4 _aEducación
_xFines y objetivos
_94837
710 1 _aMéxico.
_bSecretaría de Educación Pública.
_bBiblioteca Pública
_951349
_epropietario anterior
710 2 _aMuseo Pedagógico Nacional (México)
_951335
_epropietario anterior
942 _2lcc
_cLIBRO
999 _c56309
_d56309